Odmiana czasownika "ser" w czasie teraźniejszym - Statystyki

Ogólne statystyki
  • Ten quiz został rozwiązany 40 razy
  • Średni wynik to 5 z 6
Statystyki odpowiedzi
Hint Odpowiedź % Poprawnych
yo soy
97%
él/ella/usted es
84%
eres
81%
nosotros/-as somos
75%
ellos/ellas/ustedes son
66%
vosotros/-as sois
53%
Nie znaleziono quizów pasujących do podanych kryteriów
Rozkład punktacji
Procent ludzi z każdym wynikiem
Percentyl według liczby udzielonych odpowiedzi
Twoja historia wyników
Nie rozwiązałeś tego quizu